[Event "TUR-chT"]
[Site "Ankara"]
[Date "2022.08.23"]
[Round "8.3"]
[White "Ozturk Orenli, Kubra"]
[Black "Okuyaz, Duru"]
[Result "1-0"]
[WhiteElo "2334"]
[BlackElo "2090"]
[PlyCount "105"]
[EventDate "2022.08.16"]
[EventType "team-tourn"]
[EventRounds "13"]
[EventCountry "TUR"]
[SourceTitle "CBM 209 Extra"]
[Source "ChessBase"]
[SourceDate "2022.09.30"]
[SourceVersion "1"]
[SourceVersionDate "2022.09.30"]
[SourceQuality "1"]
[WhiteTeam "Gokturk"]
[BlackTeam "Burhaniye"]
[WhiteTeamCountry "TUR"]
[BlackTeamCountry "TUN"]

1. d4 d5 2. c4 c6 3. Nf3 Nf6 4. Qc2 e6 5. Nbd2 Nbd7 6. b3 Bb4 7. a3 Ba5 8. Bb2 dxc4 9. bxc4 c5 10. e3 Bc7 11. d5 exd5 12. cxd5 0-0 13. Bd3 Nxd5 14. Bxh7+ Kh8 15. h4 N7f6 16. Bd3 Ng4 17. Nc4 b5 18. 0-0-0 Qe7 19. Be4 bxc4 20. Rxd5 f5 21. Bxf5 Bxf5 22. Rxf5 Rxf5 23. Qxf5 Nxf2 24. Qh5+ Kg8 25. Qd5+ Kh8 26. Qxa8+ Bd8 27. Ne5 Kh7 28. Rf1 Nd3+ 29. Kc2 Nxe5 30. Bxe5 Qxe5 31. Qxd8 Qe4+ 32. Kc3 Qxe3+ 33. Kxc4 Qe4+ 34. Kc3 Qe5+ 35. Kd2 c4 36. Rf3 Qb2+ 37. Ke1 Qxg2 38. Qd5 Qh1+ 39. Kd2 c3+ 40. Kxc3 Qa1+ 41. Kc2 Qg1 42. Qf5+ Kg8 43. h5 Qh2+ 44. Kd3 Qd6+ 45. Ke2 Qa6+ 46. Ke1 Qc6 47. Kf2 Qb6+ 48. Kg2 Qb2+ 49. Kh3 Qc1 50. Qe6+ Kh7 51. Qe4+ Kg8 52. Qd5+ Kh7 53. Rf8 1-0

[Event "Olympiad Women-44"]
[Site "Chennai"]
[Date "2022.08.09"]
[Round "11.2"]
[White "Okuyaz, Duru"]
[Black "Samaganova, Alexandra"]
[Result "1-0"]
[WhiteElo "2090"]
[BlackElo "1864"]
[PlyCount "87"]
[EventDate "2022.07.29"]
[EventType "team-swiss"]
[EventRounds "11"]
[EventCountry "IND"]
[SourceTitle "CBM 210"]
[Source "ChessBase"]
[SourceDate "2022.10.31"]
[SourceVersion "1"]
[SourceVersionDate "2022.10.31"]
[SourceQuality "1"]
[WhiteTeam "Turkey (W)"]
[BlackTeam "Kyrgyzstan (W)"]
[WhiteTeamCountry "TUR"]
[BlackTeamCountry "KGZ"]

1. e4 c5 2. Nf3 e6 3. d4 cxd4 4. Nxd4 a6 5. c4 Qc7 6. Nc3 Nf6 7. Be2 b6 8. 0-0 Bb7 9. Qd3 d6 10. f4 Nbd7 11. Qe3 Be7 12. Bd2 Rc8 13. Rac1 Qb8 14. b4 0-0 15. h3 Rfe8 16. g4 d5 17. e5 Ne4 18. Nxe4 dxe4 19. g5 Nf8 20. h4 Red8 21. h5 Rd7 22. Bc3 Rcd8 23. a3 a5 24. f5 axb4 25. axb4 exf5 26. Nxf5 Ne6 27. Nxe7+ Rxe7 28. Qxb6 Nxg5 29. Rcd1 Rde8 30. Qe3 h6 31. Rd6 Qc8 32. Kh2 Qb8 33. c5 Bc8 34. b5 Be6 35. b6 Rc8 36. c6 Nf3+ 37. Bxf3 exf3 38. b7 Rce8 39. Qxf3 Qa7 40. Bd4 Qa2+ 41. Rf2 Qa4 42. Rg2 Qb5 43. Qg3 f5 44. Rxe6 1-0

[Event "Ankara TBMM Cup Gp2"]
[Site "Ankara"]
[Date "2022.03.17"]
[Round "2.2"]
[White "Okuyaz, Duru"]
[Black "Aydin, Gulenay"]
[Result "1-0"]
[WhiteElo "2094"]
[BlackElo "2229"]
[PlyCount "115"]
[EventDate "2022.03.17"]
[EventType "tourn"]
[EventRounds "5"]
[EventCountry "TUR"]
[EventCategory "5"]
[SourceTitle "CBM 207 Extra"]
[Source "ChessBase"]
[SourceDate "2022.05.31"]
[SourceVersion "1"]
[SourceVersionDate "2022.05.31"]
[SourceQuality "1"]

1. e4 c6 2. Nc3 d5 3. Nf3 Nf6 4. e5 Ne4 5. d4 Nxc3 6. bxc3 Bg4 7. h3 Bxf3 8. Qxf3 e6 9. Bd3 c5 10. Rb1 Qc7 11. 0-0 c4 12. Be2 Nc6 13. Qg3 0-0-0 14. Bg5 Rd7 15. f4 g6 16. Bf6 Rg8 17. f5 Ne7 18. fxe6 fxe6 19. Bg4 Qc6 20. a4 h5 21. Bxe7 Rxe7 22. Bxh5 Qxa4 23. Qg5 Qe8 24. Bg4 Kc7 25. Qc1 Kb8 26. Qb2 b6 27. Qa2 Bh6 28. Ra1 Be3+ 29. Kh1 Rgg7 30. Qa3 Rgf7 31. Qd6+ Kb7 32. Rfb1 Qb8 33. Qa3 Ka8 34. Qa6 g5 35. Rxb6 Qxb6 36. Qxb6 Rf1+ 37. Rxf1 axb6 38. Rf6 Bd2 39. Bxe6 Bxc3 40. Bxd5+ Ka7 41. Rf8 b5 42. e6 Bxd4 43. Rf5 Be3 44. g3 Kb6 45. Kg2 Kc5 46. Rf7 Re8 47. Rd7 Kb4 48. Rb7 Kc5 49. Rd7 Kb4 50. Kf3 Bc5 51. Rb7 Kc3 52. Rxb5 Kd4 53. Bc6 Rxe6 54. c3+ Kxc3 55. Rxc5 Kb4 56. Rb5+ Kc3 57. Bd5 Re5 58. Bxc4 1-0

[Event "TUR-chT 1st League"]
[Site "Konya"]
[Date "2019.07.26"]
[Round "7.3"]
[White "Okuyaz, Duru"]
[Black "Kaymaz, Lena Nur"]
[Result "1-0"]
[WhiteElo "2041"]
[BlackElo "1572"]
[PlyCount "47"]
[EventDate "2019.07.22"]
[EventType "team-swiss"]
[EventRounds "9"]
[EventCountry "TUR"]
[SourceTitle "CBM 191 Extra"]
[Source "ChessBase"]
[SourceDate "2019.09.30"]
[SourceVersion "1"]
[SourceVersionDate "2019.09.30"]
[SourceQuality "1"]
[WhiteTeam "Burhaniye"]
[BlackTeam "Ankara Dernegi"]
[WhiteTeamCountry "TUR"]
[BlackTeamCountry "TUR"]

1. e4 Nc6 2. Nf3 d5 3. exd5 Qxd5 4. Nc3 Qd8 5. d4 e6 6. Bb5 Bd7 7. 0-0 Nf6 8. d5 exd5 9. Nxd5 Nxd5 10. Qxd5 Be7 11. Rd1 Bd6 12. Bg5 Ne7 13. Bxe7 Kxe7 14. Bxd7 Qxd7 15. Re1+ Kd8 16. Qxb7 Qc8 17. Qc6 Rb8 18. Ne5 Qe6 19. Rad1 Kc8 20. Qa6+ Rb7 21. Nc6 Qd7 22. Nxa7+ Kb8 23. Nc6+ Kc8 24. Qa8+ 1-0

[Event "Marmaris Cleopatra (Women)"]
[Site "Marmaris"]
[Date "2018.10.29"]
[Round "7.4"]
[White "Okuyaz, Duru"]
[Black "Dimitrijevic, Aleksandra"]
[Result "0-1"]
[WhiteElo "2108"]
[BlackElo "2189"]
[PlyCount "106"]
[EventDate "2018.10.26"]
[EventType "schev"]
[EventRounds "10"]
[EventCountry "TUR"]
[SourceTitle "CBM 187 Extra"]
[Source "ChessBase"]
[SourceDate "2018.11.04"]
[SourceVersion "1"]
[SourceVersionDate "2018.11.04"]
[SourceQuality "1"]

1. e4 d6 2. d4 Nf6 3. Nc3 e5 4. Nf3 Nbd7 5. Bc4 Be7 6. 0-0 0-0 7. Re1 a6 8. a4 b6 9. b3 c6 10. Ba3 Bb7 11. dxe5 dxe5 12. Bd6 b5 13. axb5 cxb5 14. Bxe7 Qxe7 15. Nd5 Qc5 16. Nxf6+ Nxf6 17. Bd5 Nxd5 18. exd5 f6 19. c4 bxc4 20. bxc4 Qxc4 21. Ra5 Qb4 22. Qa1 Rfd8 23. Rb1 Qe7 24. Qa2 Qf7 25. Rd1 Rd6 26. Rc5 Rad8 27. Qa5 R8d7 28. Rb1 h6 29. h3 Rxd5 30. Rxb7 Rd1+ 31. Kh2 Rxb7 32. Rc8+ Kh7 33. Qxa6 Rbb1 34. g3 Qb7 35. Qxb7 Rxb7 36. Rc2 Rbb1 37. g4 g5 38. Re2 Kg6 39. Kg3 Rd3 40. Kg2 Rbb3 41. Ng1 h5 42. f3 h4 43. Re4 Rd1 44. Ne2 Rb2 45. Kf2 Kf7 46. Kg2 Ke6 47. Kf2 Kd5 48. Kg2 Rc2 49. Kf2 Ra2 50. Kg2 Rd3 51. Kf2 Raa3 52. Ng1 Rxf3+ 53. Nxf3 Kxe4 0-1

[Event "Marmaris Cleopatra (Women)"]
[Site "Marmaris"]
[Date "2018.10.27"]
[Round "3.4"]
[White "Okuyaz, Duru"]
[Black "Abdulla, Khayala Mardan Qizi"]
[Result "0-1"]
[WhiteElo "2108"]
[BlackElo "2168"]
[PlyCount "106"]
[EventDate "2018.10.26"]
[EventType "schev"]
[EventRounds "10"]
[EventCountry "TUR"]
[SourceTitle "CBM 187 Extra"]
[Source "ChessBase"]
[SourceDate "2018.11.04"]
[SourceVersion "1"]
[SourceVersionDate "2018.11.04"]
[SourceQuality "1"]

1. e4 c5 2. Nf3 a6 3. c4 d6 4. d4 cxd4 5. Nxd4 Nf6 6. Nc3 e6 7. Be2 Qc7 8. 0-0 Be7 9. Be3 b6 10. f4 Bb7 11. Qd3 Nbd7 12. b4 0-0 13. Rac1 Rac8 14. g4 Rfd8 15. g5 Ne8 16. Qd2 Bf8 17. f5 exf5 18. Nd5 Qb8 19. Nxf5 Bxd5 20. Qxd5 Ne5 21. Bf4 Nc7 22. Qd2 Ne6 23. Bg3 b5 24. c5 Qa7 25. Qb2 Nc6 26. Bf2 dxc5 27. bxc5 Nxg5 28. Be3 Nxe4 29. Bf3 Re8 30. Qg2 Nf6 31. Bxc6 Rxe3 32. Nxe3 Bxc5 33. Kh1 Bxe3 34. Rcd1 Bd4 35. Rf4 Be5 36. Rf5 Qe3 37. Rf3 Qb6 38. Rfd3 g6 39. Bf3 Rc4 40. Qe2 Qc7 41. Re1 Bd6 42. Red1 Be5 43. Re1 Bd6 44. Red1 Bf4 45. Qb2 Kg7 46. Rd7 Rc2 47. Qd4 Qxd7 48. Qxf4 Qh3 49. Bb7 Qg4 50. Qd6 Qe2 51. Ba8 Ng4 52. Qd4+ f6 53. Qd7+ Kh6 0-1

[Event "Marmaris Cleopatra (Women)"]
[Site "Marmaris"]
[Date "2018.10.26"]
[Round "2.4"]
[White "Dimitrijevic, Aleksandra"]
[Black "Okuyaz, Duru"]
[Result "1-0"]
[WhiteElo "2189"]
[BlackElo "2108"]
[PlyCount "71"]
[EventDate "2018.10.26"]
[EventType "schev"]
[EventRounds "10"]
[EventCountry "TUR"]
[SourceTitle "CBM 187 Extra"]
[Source "ChessBase"]
[SourceDate "2018.11.04"]
[SourceVersion "1"]
[SourceVersionDate "2018.11.04"]
[SourceQuality "1"]

1. c4 c6 2. Nc3 d5 3. e3 Nf6 4. Nf3 e6 5. Qc2 Nbd7 6. b3 Bd6 7. Bb2 0-0 8. Be2 a6 9. d4 b5 10. a3 Bb7 11. 0-0 bxc4 12. bxc4 dxc4 13. e4 e5 14. Rad1 Qc7 15. h3 Rfe8 16. Bxc4 exd4 17. Nxd4 Be5 18. Nf5 Nc5 19. Rfe1 Rad8 20. Rxd8 Rxd8 21. Rd1 Bc8 22. Re1 Bxc3 23. Qxc3 Na4 24. Nh6+ gxh6 25. Qxf6 Nxb2 26. Bxf7+ Qxf7 27. Qxd8+ Qf8 28. Qxf8+ Kxf8 29. Rb1 Ke7 30. Rxb2 Kd6 31. f4 Kc5 32. Kf2 Kd4 33. Rb4+ Kd3 34. f5 a5 35. Rb8 Ba6 36. e5 1-0

[Event "Olympiad Women-43"]
[Site "Batumi"]
[Date "2018.09.27"]
[Round "4.9"]
[White "Gajcin, Marina"]
[Black "Okuyaz, Duru"]
[Result "0-1"]
[WhiteElo "2170"]
[BlackElo "2108"]
[PlyCount "68"]
[EventDate "2018.09.24"]
[EventType "team-swiss"]
[EventRounds "11"]
[EventCountry "GEO"]
[SourceTitle "EXT 2020"]
[Source "ChessBase"]
[SourceDate "2019.10.17"]
[SourceVersion "1"]
[SourceVersionDate "2019.10.17"]
[SourceQuality "1"]
[WhiteTeam "Serbia (W)"]
[BlackTeam "Turkey (W)"]
[WhiteTeamCountry "SRB"]
[BlackTeamCountry "TUR"]

1. e4 e6 2. d4 d5 3. Nc3 Nf6 4. e5 Nfd7 5. f4 c5 6. Nf3 Nc6 7. Be3 Be7 8. Qd2 0-0 9. dxc5 Nxc5 10. 0-0-0 a6 11. Kb1 b5 12. Qf2 Na4 13. Nxa4 bxa4 14. Nd4 Qc7 15. Nxc6 Qxc6 16. Bd4 Rb8 17. h4 Bd7 18. Rh3 Rb4 19. a3 Rbb8 20. h5 Qb7 21. Qd2 Rfc8 22. Rg3 g6 23. f5 exf5 24. e6 Be8 25. Qe2 Bc5 26. exf7+ Bxf7 27. Qe5 Bxd4 28. Qxd4 Qc7 29. h6 Be6 30. Rd2 Rb6 31. Qf6 Rcb8 32. Re3 Rxb2+ 33. Qxb2 Rxb2+ 34. Kxb2 Qb6+ 0-1

[Event "EU-ch (Women) 19th"]
[Site "Stary Smokovec"]
[Date "2018.04.16"]
[Round "8"]
[White "Klek, Hanna Marie"]
[Black "Okuyaz, Duru"]
[Result "0-1"]
[WhiteElo "2327"]
[BlackElo "2122"]
[PlyCount "104"]
[EventDate "2018.04.08"]
[EventType "swiss"]
[EventRounds "11"]
[EventCountry "SVK"]
[SourceTitle "CBM 184 Extra"]
[Source "ChessBase"]
[SourceDate "2018.06.28"]
[SourceVersion "1"]
[SourceVersionDate "2018.06.28"]
[SourceQuality "1"]

1. e4 c6 2. d4 d5 3. e5 Bf5 4. h4 h5 5. Bd3 Bxd3 6. Qxd3 e6 7. Bg5 Be7 8. Nf3 Nh6 9. Nc3 Nf5 10. g3 Nd7 11. 0-0 a6 12. a4 Bxg5 13. Nxg5 c5 14. Rfe1 cxd4 15. Ne2 Nxe5 16. Qb3 0-0 17. Nf4 Qd6 18. Nxh5 d3 19. cxd3 Nd4 20. Qd1 f6 21. f4 fxg5 22. fxe5 Qb6 23. Kh1 Rf2 24. Rf1 Nf3 25. Qxf3 Rxf3 26. Rxf3 Qxb2 27. Raf1 Qxe5 28. Rf7 gxh4 29. Rxg7+ Qxg7 30. Nxg7 Kxg7 31. gxh4 b5 32. Rf4 Rc8 33. Rb4 Rc3 34. axb5 axb5 35. Rxb5 Rxd3 36. Kg2 Kg6 37. Rb8 Kh5 38. Re8 Re3 39. Rh8+ Kg4 40. h5 Kg5 41. h6 Kg6 42. Kf2 Rh3 43. Re8 Kf5 44. Rh8 Ke4 45. h7 e5 46. Kg2 Rh6 47. Kg3 d4 48. Kg4 d3 49. Kg5 Rh1 50. Kg6 d2 51. Rd8 Ke3 52. Rd5 e4 0-1

[Event "EU-ch (Women) 19th"]
[Site "Stary Smokovec"]
[Date "2018.04.14"]
[Round "7"]
[White "Okuyaz, Duru"]
[Black "Petrenko, Svetlana"]
[Result "1/2-1/2"]
[WhiteElo "2122"]
[BlackElo "2178"]
[PlyCount "124"]
[EventDate "2018.04.08"]
[EventType "swiss"]
[EventRounds "11"]
[EventCountry "SVK"]
[SourceTitle "CBM 184 Extra"]
[Source "ChessBase"]
[SourceDate "2018.06.28"]
[SourceVersion "1"]
[SourceVersionDate "2018.06.28"]
[SourceQuality "1"]

1. e4 g6 2. d4 Bg7 3. Nc3 d6 4. Nf3 c6 5. Be2 Nf6 6. 0-0 0-0 7. h3 b5 8. a3 a6 9. Bf4 Bb7 10. e5 dxe5 11. Nxe5 Nbd7 12. Bf3 Rc8 13. Qe2 Nd5 14. Bd2 Nxe5 15. dxe5 Qc7 16. e6 f5 17. Rad1 Rcd8 18. Nxd5 cxd5 19. c3 f4 20. Rfe1 h5 21. Bc1 Rf5 22. Qd3 Rdf8 23. Re2 Bc6 24. b3 a5 25. Bb2 Qb7 26. Qc2 a4 27. bxa4 bxa4 28. c4 d4 29. Bxc6 Qxc6 30. f3 Rd8 31. Qd3 Kh7 32. Re4 Rd6 33. Rde1 Qb6 34. Bc1 Qb3 35. Rd1 Qxd3 36. Rxd3 g5 37. Bd2 Be5 38. Kf1 Rc6 39. Bb4 Rxc4 40. Bxe7 Rc6 41. Bb4 Rxe6 42. Rdxd4 Bxd4 43. Rxe6 g4 44. hxg4 hxg4 45. fxg4 Rg5 46. Re4 Be3 47. Bd6 Rxg4 48. Rxa4 Kg6 49. Rc4 Kf5 50. Bc5 Rg3 51. Bd6 Rg6 52. Bc7 Kg4 53. Rc3 Rh6 54. a4 Rh1+ 55. Ke2 Rg1 56. a5 Rxg2+ 57. Kd3 Ra2 58. Kc4 Bd2 59. Rd3 Bxa5 60. Kb3 Rd2 61. Rxd2 Bxd2 62. Bxf4 Bxf4 1/2-1/2

[Event "Djenovici TS11"]
[Site "Djenovici"]
[Date "2017.11.25"]
[Round "8"]
[White "Okuyaz, Duru"]
[Black "Nikcevic, Nebojsa"]
[Result "0-1"]
[WhiteElo "2238"]
[BlackElo "2423"]
[PlyCount "102"]
[EventDate "2017.11.18"]
[EventType "tourn"]
[EventRounds "9"]
[EventCountry "MNE"]
[EventCategory "6"]
[SourceTitle "CBM 181 Extra"]
[Source "ChessBase"]
[SourceDate "2017.12.12"]
[SourceVersion "1"]
[SourceVersionDate "2017.12.12"]
[SourceQuality "1"]

1. e4 e5 2. Nf3 Nc6 3. Bb5 a6 4. Ba4 Nf6 5. 0-0 b5 6. Bb3 d6 7. Ng5 d5 8. exd5 Nd4 9. d6 Nxb3 10. dxc7 Qxc7 11. axb3 h6 12. Nf3 e4 13. Nd4 Ng4 14. f4 Bc5 15. c3 Qd6 16. Qe2 Bxd4+ 17. cxd4 Qxd4+ 18. Kh1 0-0 19. f5 Qd3 20. Qxd3 exd3 21. b4 Re8 22. Nc3 Bb7 23. h3 Nf6 24. Kh2 Rac8 25. b3 Ne4 26. Nd1 Rc2 27. Re1 Rec8 28. Ne3 Nxd2 29. Nxc2 Nxb3 30. Ra2 dxc2 31. Ra3 Nxc1 32. Rxc1 Rc4 33. Rb3 Kf8 34. Kg3 Ke7 35. Kf2 Kf6 36. Rb2 Be4 37. Rb3 Kxf5 38. g3 Ke5 39. Ke2 f5 40. h4 Kd5 41. Kd2 Rd4+ 42. Kc3 Rd3+ 43. Kb2 Rxb3+ 44. Kxb3 Kd4 45. Kb2 Ke3 46. Ra1 Kd2 47. h5 Bf3 48. Rf1 Bxh5 49. Rf2+ Be2 50. Rxe2+ Kxe2 51. Kxc2 g5 0-1

[Event "Djenovici TS11"]
[Site "Djenovici"]
[Date "2017.11.18"]
[Round "1"]
[White "Saptarshi, Roy Chowdhury"]
[Black "Okuyaz, Duru"]
[Result "1-0"]
[WhiteElo "2449"]
[BlackElo "2238"]
[PlyCount "93"]
[EventDate "2017.11.18"]
[EventType "tourn"]
[EventRounds "9"]
[EventCountry "MNE"]
[EventCategory "6"]
[SourceTitle "CBM 181 Extra"]
[Source "ChessBase"]
[SourceDate "2017.12.12"]
[SourceVersion "1"]
[SourceVersionDate "2017.12.12"]
[SourceQuality "1"]

1. e4 e6 2. d4 d5 3. Nc3 Nf6 4. Bg5 Be7 5. Bxf6 Bxf6 6. Nf3 c5 7. Bb5+ Bd7 8. exd5 Bxb5 9. Nxb5 cxd4 10. Nfxd4 Qb6 11. d6 0-0 12. a4 a6 13. a5 Qc5 14. Nc7 Ra7 15. Ndxe6 Qe5+ 16. Qe2 fxe6 17. Qxe5 Bxe5 18. 0-0-0 Rd8 19. Rhe1 Nc6 20. Nxe6 Rxd6 21. Rxd6 Bxd6 22. Rd1 Be5 23. f4 Bf6 24. g4 Kf7 25. f5 h6 26. Rd7+ Kg8 27. Rc7 Ra8 28. Rxb7 Nxa5 29. Rc7 Rb8 30. b3 Nb7 31. Rc6 a5 32. Rb6 Be5 33. h3 Kf7 34. Rxb7+ Rxb7 35. Nd8+ Kf6 36. Nxb7 Kg5 37. Kd2 Kh4 38. Ke3 Kxh3 39. Kf3 Bc3 40. Nd6 Kh4 41. Ne4 Be5 42. c4 Bc7 43. c5 Bd8 44. c6 Bb6 45. Nc5 h5 46. gxh5 Kxh5 47. Ne6 1-0

[Event "EU-Cup (Women) 22nd"]
[Site "Antalya"]
[Date "2017.10.14"]
[Round "7.1"]
[White "Mamedjarova, Zeinab"]
[Black "Okuyaz, Duru"]
[Result "1/2-1/2"]
[WhiteElo "2298"]
[BlackElo "2233"]
[PlyCount "81"]
[EventDate "2017.10.08"]
[EventType "team-swiss"]
[EventRounds "7"]
[EventCountry "TUR"]
[SourceTitle "CBM 181 Extra"]
[Source "ChessBase"]
[SourceDate "2017.12.12"]
[SourceVersion "1"]
[SourceVersionDate "2017.12.12"]
[SourceQuality "1"]
[WhiteTeam "Odlar Yurdu (W)"]
[BlackTeam "Marmara (W)"]
[WhiteTeamCountry "AZE"]
[BlackTeamCountry "TUR"]

1. d4 d5 2. Nf3 Nf6 3. e3 c6 4. b3 Bg4 5. Be2 Nbd7 6. Bb2 e6 7. 0-0 Bd6 8. Nbd2 0-0 9. Ne5 Bxe2 10. Qxe2 Ne4 11. Nxe4 dxe4 12. Nc4 Bc7 13. Ba3 Re8 14. f3 Nf6 15. f4 Nd5 16. Kh1 b5 17. Nd2 b4 18. Bb2 f5 19. a3 a5 20. Rg1 Qh4 21. g4 Nf6 22. gxf5 exf5 23. Qc4+ Kh8 24. Qf7 Ng4 25. Nf1 Nf2+ 26. Kg2 Bxf4 27. exf4 Qg4+ 28. Kxf2 e3+ 29. Nxe3 Qxf4+ 30. Kg2 Qe4+ 31. Kh3 Qxe3+ 32. Kg2 Qe4+ 33. Kh3 Qe3+ 34. Kg2 Re4 35. Qxf5 Rf4 36. Qd3 Rf2+ 37. Kh1 Qxd3 38. cxd3 Rxb2 39. axb4 Rxb3 40. bxa5 Rb5 41. Rgc1 1/2-1/2

[Event "EU-Cup (Women) 22nd"]
[Site "Antalya"]
[Date "2017.10.09"]
[Round "2.6"]
[White "Okuyaz, Duru"]
[Black "Sahin, Handenur"]
[Result "1/2-1/2"]
[WhiteElo "2233"]
[BlackElo "1960"]
[PlyCount "123"]
[EventDate "2017.10.08"]
[EventType "team-swiss"]
[EventRounds "7"]
[EventCountry "TUR"]
[SourceTitle "CBM 181 Extra"]
[Source "ChessBase"]
[SourceDate "2017.12.12"]
[SourceVersion "1"]
[SourceVersionDate "2017.12.12"]
[SourceQuality "1"]
[WhiteTeam "Marmara (W)"]
[BlackTeam "Aegean (W)"]
[WhiteTeamCountry "TUR"]
[BlackTeamCountry "TUR"]

1. e4 e5 2. Nf3 Nc6 3. Bb5 Nge7 4. 0-0 g6 5. c3 a6 6. Bxc6 Nxc6 7. d4 d6 8. Bg5 Be7 9. Bh6 Bg4 10. d5 Nb8 11. h3 Bxf3 12. Qxf3 Bg5 13. Bxg5 Qxg5 14. c4 Nd7 15. Qg4 Qxg4 16. hxg4 Nf6 17. f3 h5 18. gxh5 Nxh5 19. Nc3 b6 20. b4 Kd7 21. c5 Nf4 22. cxd6 cxd6 23. g3 Nd3 24. Na4 Rab8 25. Rad1 Nxb4 26. Rb1 b5 27. Rxb4 a5 28. Rbb1 bxa4 29. f4 exf4 30. gxf4 Rb4 31. e5 Rh5 32. Rxb4 axb4 33. Rb1 dxe5 34. Rxb4 exf4 35. Rxf4 Rxd5 36. Rxf7+ Ke6 37. Rf2 Ke5 38. Kg2 Rd3 39. Re2+ Kf5 40. Rb2 g5 41. Rb5+ Kg6 42. Rb6+ Kh5 43. Rb2 a3 44. Rc2 Kh4 45. Rc4+ g4 46. Rc2 Rd1 47. Rc3 Rd2+ 48. Kg1 Rxa2 49. Rb3 Ra1+ 50. Kg2 a2 51. Ra3 Kg5 52. Ra5+ Kf4 53. Ra4+ Ke3 54. Ra3+ Kd4 55. Ra8 Kc5 56. Ra5+ Kb4 57. Ra8 Kb3 58. Rb8+ Ka4 59. Ra8+ Kb5 60. Rb8+ Ka6 61. Ra8+ Kb7 62. Ra3 1/2-1/2